[Event "POL-chT3 Dolnoslaskie 1617"]
[Site "Poland"]
[Date "2017.01.22"]
[Round "6.11"]
[White "Cybulski, Marek"]
[Black "Zych, Marek"]
[Result "0-1"]
[WhiteElo "1653"]
[BlackElo "2094"]
[PlyCount "50"]
[EventDate "2016.10.16"]
[EventType "team-tourn"]
[EventRounds "11"]
[EventCountry "POL"]
[SourceTitle "EXT 2018"]
[Source "ChessBase"]
[SourceDate "2017.10.13"]
[SourceVersion "1"]
[SourceVersionDate "2017.10.13"]
[SourceQuality "1"]

1. e4 c5 2. Nf3 Nc6 3. Nc3 Nf6 4. Bb5 Qc7 5. 0-0 Nd4 6. Be2 e6 7. h3 a6 8. a4 Bd6 9. Re1 0-0 10. Bc4 Nxf3+ 11. Qxf3 Be5 12. d3 b6 13. Bg5 Bb7 14. Qe2 Rfe8 15. Bxf6 Bxf6 16. e5 Be7 17. f4 d5 18. exd6 Qxd6 19. Qe5 Qc6 20. Qe4 Qd7 21. Qe3 Bf6 22. Kh1 Rad8 23. Bb3 Qc6 24. Re2 g6 25. Rae1 Bg7 0-1